La Investigación acción /
Brinda 7 elementos que caracterizan la investigación acción, destacando la vinculación estructural entre teoría y práctica como consecuencia de la integración cognoscitiva e interventora así como el hecho de que el investigador es un participante en la acción y en el proceso de cambio donde se busca...
محفوظ في:
| المؤلف الرئيسي: | |
|---|---|
| التنسيق: | كتاب |
| اللغة: | Spanish |
| الموضوعات: | |
| الوسوم: |
إضافة وسم
لا توجد وسوم, كن أول من يضع وسما على هذه التسجيلة!
|
MARC
| LEADER | 00000nam a22000007a 4500 | ||
|---|---|---|---|
| 003 | cru CIDCACS/IIS | ||
| 005 | 20190220160613.0 | ||
| 007 | ta | ||
| 008 | 190220b1988 pe |||||r||||||0| ||spa|d | ||
| 999 | |c 42184 |d 42184 | ||
| 040 | |c cru CIDCACS/IIS | ||
| 100 | 1 | |9 8331 |a Lima, Boris Alexis | |
| 245 | 1 | 3 | |a La Investigación acción / |c Boris Alexis Lima |
| 300 | |a pp. 11-18 | ||
| 520 | |a Brinda 7 elementos que caracterizan la investigación acción, destacando la vinculación estructural entre teoría y práctica como consecuencia de la integración cognoscitiva e interventora así como el hecho de que el investigador es un participante en la acción y en el proceso de cambio donde se busca hacer de la población, un elemento activo del proceso para conscientizarla de su propia realidad y asuman el papel protagónico en la enajenación de los sectores marginados y explotados. OB/EL | ||
| 650 | 4 | |9 1930 |a INVESTIGACION | |
| 650 | 0 | |9 7511 |a INVESTIGADORES | |
| 650 | 4 | |9 2602 |a POBLACION | |
| 650 | 0 | |9 944 |a EDUCACION | |
| 650 | 0 | |9 4525 |a ALIENACION | |
| 650 | 4 | |9 3211 |a METODOLOGIA | |
| 773 | 0 | |0 18808 |9 2660 |a Asociación Latinoamericana de Escuelas de Trabajo Social |d Lima, Perú |o 02706 |t REVISTA ACCIÓN CRÍTICA | |
| 942 | |2 ddc |c PP | ||
